000 00531nam a22001937a 4500
003 KOHA_MİRAKIL
005 20251111124448.0
008 251111b tu ||||| |||| 00| 0 tur d
020 _a9786258486995
040 _aTR-AnABB
_btur
_cTR-AnABB
041 _atur
082 _a115
_bCOO 2022
100 1 _aCoomaraswamy, Ananda K.,
245 1 0 _aVakit ve ebediyat /
_cAnanda K. Coomaraswamy
260 _aİstanbul :
_bKetebe Yayınları,
_c2022
300 _a124 sayfa ;
_c21 cm
650 0 4 _aFelsefe
942 _2ddc
_cBK
999 _c9348
_d9348
900 _bGizem YORULMAZ